Дело о службе состоявшей при санкт-петербургских театрах, умершей танцовщицы Екатерины Душкиной

Доступно только в Электронных читальных залах Найти на картеНа карте
RUSMARC
00003745nmc2a22000003x 450
0017f83c6cc-c745-4181-ab2f-f324f21d6b54
00520181226023213.0
100##$a20170628l18471851k l0rusy0189 ca
1010#$arus
102##$aRU
2001#$aДело о службе состоявшей при санкт-петербургских театрах, умершей танцовщицы Екатерины Душкиной
$j7 ноября 1847 г. - 7 мая 1851 г.
251##$cДело
300##$aПо Санкт-Петербургской дирекции за 1847 год
300##$aДело
801#0$aRU
$bРГИА
$c20170628
$gRCR
801#1$aRU
$bГлавНИВЦ
$c20170628
$2rusmarc
801#2$aRU
$bПБ им. Б.Н. Ельцина
$c20181226
$gRCR
$2rusmarc
850##$aРГИА
852##$aРГИА
$eФедеральное казенное учреждение "Российский государственный исторический архив" (РГИА)
$j11086
937##$hРГИА
$d12245195
$aASBIBLIO_SCAN
462#0$1001dd3991dc-24e1-42ec-8838-ca4255420416
$12001
$a1746-1850 гг.
$1251
$cОпись
$1852
$j1
461#0$10019264ebf8-de62-4f1a-9eb4-9f22098dbbd5
$12001
$aДирекция императорских театров МИДв
$1251
$cФонд
$1852
$j497
215##$a17 л.
$d36,5х26 см
371##$aДокумент не является опубликованным и широко распространяемым
105##$ay###
1222#$ad
035##$a7f83c6cc-c745-4181-ab2f-f324f21d6b54
856##$uhttp://readingroom.main.prlib.ru/item.aspx?id_node=n122406213&mode=full
Формат отображения